Percepciones culturales de la desigualdad /

El objetivo de esta investigación, que combina instrumentos cuantitativos y cualitativos de recolección de información, fue conocer las concepciones de la desigualdad en los chilenos, los factores que según sus percepciones son causa de ella, el papel que le atribuyen al Estado como reductor de ésta...

Full description

Bibliographic Details
Main Author: Cumsille, Guillermo
Corporate Authors: Chile. Ministerio de Planificación y Cooperación. Unidad de Estudios Prospectivos, Universidad de Chile. Departamento de Sociología
Other Authors: Garretón, Manuel Antonio, 1943-
Format: Libro
Language:English
Published: Santiago, Chile MIDEPLAN 2000
Edition:1a. ed.
Subjects:
Online Access:Acceso electrónico al documento

MARC

LEADER 00000nam a22000007 4500
001 003782
003 UAHC_CL
005 20170803115956.0
008 010924s2000 000 eng d
020 |a 9567463697 
040 |a UAHC_CL  |c UAHC_CL  |d UAHC_CL 
100 1 |a Cumsille, Guillermo 
245 1 0 |a Percepciones culturales de la desigualdad /  |c [Guillermo Cumsille y Manuel Antonio Garretón] ; MIDEPLAN, Universidad de Chile. 
250 |a 1a. ed. 
260 |b MIDEPLAN  |c 2000  |a Santiago, Chile 
300 |a 80 p. cuadrs. 
504 |a Incluye notas bibliográficas. 
520 |a El objetivo de esta investigación, que combina instrumentos cuantitativos y cualitativos de recolección de información, fue conocer las concepciones de la desigualdad en los chilenos, los factores que según sus percepciones son causa de ella, el papel que le atribuyen al Estado como reductor de éstas, así como el de otras instituciones que son consideradas relevantes por la sociedad según su capacidad de acrecentar o disminuir la desigualdad. 
650 4 |a IGUALDAD 
650 4 |a JUSTICIA SOCIAL 
700 1 |a Garretón, Manuel Antonio, 1943- 
710 1 |a Chile.  |b Ministerio de Planificación y Cooperación.  |b Unidad de Estudios Prospectivos. 
710 1 |a Universidad de Chile.  |b Departamento de Sociología 
856 |u http://www.ministeriodesarrollosocial.gob.cl/admin/docdescargas/centrodoc/centrodoc_197.pdf  |3 Acceso electrónico al documento  |y Acceso electrónico al documento 
900 |a 302.17 PER 
942 |c BK 
952 |0 0  |1 0  |4 0  |6 302_170000000000000_PER  |7 0  |8 General  |9 8460  |a BC  |b BC  |c General  |d 2017-08-03  |l 0  |o 302.17 PER  |p 1315990  |r 2026-01-07 00:00:00  |t 1  |w 2017-08-03  |y BK 
999 |c 3782  |d 3782